Fundamentación de la metafísica de las costumbres; CRÍTICA de la razón práctica; la paz perpetua

Enregistré dans:
Détails bibliographiques
Auteur principal: Kant, Manuel
Format: Livre
Langue:Undetermined
Publié: México, Distrito Federal Editorial Porrúa 1977
Sujets:
Tags: Ajouter un tag
Pas de tags, Soyez le premier à ajouter un tag!

MARC

LEADER 00000nam a2200000Ia 4500
008 170316s9999 xx 000 0 und d
090 |a 100 K-1f 
100 |a Kant, Manuel 
245 |a Fundamentación de la metafísica de las costumbres; CRÍTICA de la razón práctica; la paz perpetua 
260 |a México, Distrito Federal 
260 |b Editorial Porrúa 
260 |c 1977 
300 |a 252 páginas 
650 |a FILOSOFÍA 
999 |c 16663  |d 16663 
040 |a cru BVZT 
942 |c 15 D  |h 100 K-1f  |2 z